| 000 | 00475nam a2200169Ia 4500 | ||
|---|---|---|---|
| 008 | 230714s9999 xx 000 0 und d | ||
| 020 | _a9790000000000 | ||
| 041 | _aeng | ||
| 082 |
_a005.13'3 _bARO |
||
| 100 |
_aArolkar H. _9192027 |
||
| 245 | _aSimplifying C | ||
| 260 |
_c2010 _bDreamtech |
||
| 300 | _a345 | ||
| 365 |
_cRs. _b249.00 |
||
| 700 |
_aArolkar H., Jain S. & Kogent Learning Solutions Inc. _9192028 |
||
| 906 |
_dO:0178216-Jun-2011B:813430-May-2011 _cIT _b124.5 |
||
| 999 |
_c203530 _d203530 |
||